P. J. Šafaryk i Ukrajina

Bibliographic Details
Main Author: Nevrlý, Mikuláš, 1916-2019 (Author)
Format: Article
Language:Slovak
Ukrainian
PhysicalDescription:Fotogr. 1
Subjects:

MARC

LEADER 00000nab a2200000 a 4500
001 vtls000587257
003 SK-MaSNL
005 20260304101157.0
008 250426c1995 xo 0 slo
015 |a SNBRB19rr/mm-uuuuu 
035 |a CL0587396 
035 |a urn:nbn:sk:snk-abbpzq 
035 |a (urnnbn)urn:nbn:sk:snk:ar-000zaq 
035 |a (uuid)1a04f925-3a9a-4621-8af2-af2883c08e41 
040 |a SNKBUCL  |b slo  |c SNKBUCL  |e AACR2 
041 0 |a ukr 
044 |a xo  |c SK 
080 |a 82(091):883  |2 1981 
080 |a 883(091)  |2 1981 
100 1 |a Nevrlý, Mikuláš,  |d 1916-2019  |4 aut  |9 196318 
245 1 0 |a P. J. Šafaryk i Ukrajina  |c Mykola Nevrlyj 
300 |b Fotogr. 1 
600 1 7 |a Šafárik, Pavol Jozef,  |d 1795-1861  |2 snkbucl  |9 85839 
650 0 7 |a ukrajinská literatúra  |2 SNK  |9 1218 
655 7 |a články z novín a časopisov  |2 snkbucl  |9 267496 
655 7 |a články z odboru literárna veda a krásna literatúra  |2 snkbucl  |9 770045 
773 0 |t Duklja  |g Roč. 43, č. 6 (1995), s. 32-36 
850 |a Slovenská národná knižnica 
852 |a Slovenská národná knižnica 
958 |a article15 
958 |a RK 
958 |a LX 
958 |a UA 
958 |a UK 
958 |a SK 
958 |a NX 
958 |a OND 
958 |a EUIPO 
992 |a RBX 
999 |c 2840949  |d 2842879